Die Handelswissenschaft

Salvato in:
Dettagli Bibliografici
Natura: Libro
Lingua:tedesco
Pubblicazione: Leipzig Wigand 1886
Tags: Aggiungi Tag
Nessun Tag, puoi essere il primo ad aggiungerne!!

MARC

LEADER 00000nam a2200000 4500
001 0312519
005 20250930104459.8
041 0 |a ger 
044 |a DE 
245 1 0 |a Die Handelswissenschaft  |c Friedrich Noback 
264 1 |a Leipzig  |b Wigand  |c 1886